000 01002cam a2200313 i 4500
001 14750
003 BD-RjUL
005 20211208235702.0
008 140208s2003 ilua b 00110 eng
020 _a0256021473
035 _a(BD-RjUL)
035 _a(BD-RjUL)14804
040 _aBD-RjUL
_beng
_cBD-RjUL
041 _aeng
082 0 _a658.1511
_bANA 2003
100 1 _aAnthony, Robert N.
_q(Robert Newton),
_d1916-2006.
_945844
245 1 0 _aAccounting principles /
_cRobert N. Anthony, James S. Reece.
250 _a4th ed.
260 _aHomewood, Ill. :
_bR. D. Irwin,
_c2003.
300 _axvi, 678 p. :
_bill. ;
_c24 cm.
490 0 _aWillard J. Graham series in accounting
500 _aPublished in 1975 under title: Management accounting principles.
504 _aIncludes bibliographies and index.
650 0 _aAccounting.
_945954
650 0 _aManagerial accounting.
_945955
700 1 _aReece, James S.
_ejoint author.
_945956
942 _2ddc
_cBK
999 _c14750
_d14750